| 000 | 01021nam a2200313Ic 4500 | ||
|---|---|---|---|
| 001 | 59070 | ||
| 003 | CO-BoRNBP | ||
| 005 | 20250904224217.0 | ||
| 007 | ta | ||
| 008 | 121119s1991 ck a jr 000 j spa | ||
| 020 | _a9580413118 | ||
| 040 |
_aCO-BoRNBP _bspa _erda _cCO-BoRNBP |
||
| 041 | 1 | _aspa | |
| 084 | _aN BOI1 | ||
| 100 |
_aBoie, Kirsten, _d1950- _eaut _964731 |
||
| 245 | 1 | 0 |
_aKing-kong, el conejillo de indias viajero / _cKirsten Boie ; traducción de Rafael Arteaga ; ilustraciones de Silke Brix-Henker. |
| 250 | _aPrimera edición | ||
| 264 | 1 |
_aBogotá, Colombia : _bGrupo Editorial Norma, _c1991 |
|
| 300 |
_a94 páginas : _bilustraciones |
||
| 336 |
_atexto _btxt _2rdacontent |
||
| 337 |
_asin mediación _bn _2rdamedia |
||
| 338 |
_avolumen _bnc _2rdacarrier |
||
| 490 | 0 | _aTorre de papel. Torre roja | |
| 650 | 0 | 4 |
_aCuentos infantiles alemanes _2LEMB |
| 650 | 0 | 4 |
_aLiteratura alemana _2LEMB _92667 |
| 700 |
_aArteaga, Rafael _etrl |
||
| 700 |
_aBrix-Henker, Silke _eill _964732 |
||
| 942 |
_2loc _cBKINF |
||
| 999 |
_c59070 _d59070 |
||